Normal view
MARC view
Entry Topical Term
001 - CONTROL NUMBER
- control field: 25593
003 - CONTROL NUMBER IDENTIFIER
- control field: ARRUPE
005 - DATE AND TIME OF LATEST TRANSACTION
- control field: 20160907091304.0
008 - FIXED-LENGTH DATA ELEMENTS
- fixed length control field: 160907|| aca||aabn | a|a d
040 ## - CATALOGING SOURCE
- Original cataloging agency: ARRUPE
- Transcribing agency: ARRUPE
150 ## - HEADING--TOPICAL TERM
- Topical term or geographic name as entry element:
- Topical term following geographic name as entry element: Logic, symbol and mathematical
670 ## - SOURCE DATA FOUND
- Source citation: Work cat.: (ARRUPE)26032: Mounce, H.O 21747, Wittgenstein's tractatus